<?xml version="1.0" encoding="UTF-8"?>
<record
    xmlns:xsi="http://www.w3.org/2001/XMLSchema-instance"
    xsi:schemaLocation="http://www.loc.gov/MARC21/slim http://www.loc.gov/standards/marcxml/schema/MARC21slim.xsd"
    xmlns="http://www.loc.gov/MARC21/slim">

  <leader>01847cam a22002774a 4500</leader>
  <controlfield tag="001">12388168</controlfield>
  <controlfield tag="003">OSt</controlfield>
  <controlfield tag="005">20211202151529.0</controlfield>
  <controlfield tag="008">010423s2002    maua     b    001 0 eng  </controlfield>
  <datafield tag="010" ind1=" " ind2=" ">
    <subfield code="a">  2001024810</subfield>
  </datafield>
  <datafield tag="020" ind1=" " ind2=" ">
    <subfield code="a">0395974844</subfield>
  </datafield>
  <datafield tag="040" ind1=" " ind2=" ">
    <subfield code="a">DLC</subfield>
    <subfield code="c">DLC</subfield>
    <subfield code="d">DLC</subfield>
  </datafield>
  <datafield tag="042" ind1=" " ind2=" ">
    <subfield code="a">pcc</subfield>
  </datafield>
  <datafield tag="050" ind1="0" ind2="0">
    <subfield code="a">HF5415.P65</subfield>
  </datafield>
  <datafield tag="082" ind1="0" ind2="0">
    <subfield code="a">658.8/48</subfield>
    <subfield code="2">21</subfield>
  </datafield>
  <datafield tag="100" ind1=" " ind2=" ">
    <subfield code="q">Pride, William M.</subfield>
  </datafield>
  <datafield tag="245" ind1="1" ind2="0">
    <subfield code="a">Marketing: concepts and strategies. /</subfield>
    <subfield code="c">William M. Pride, O. C. Ferrell</subfield>
  </datafield>
  <datafield tag="250" ind1=" " ind2=" ">
    <subfield code="a">2000 ed.</subfield>
  </datafield>
  <datafield tag="260" ind1=" " ind2=" ">
    <subfield code="a">New York:</subfield>
    <subfield code="b">Houghton Mifflin,</subfield>
    <subfield code="c">2000.</subfield>
  </datafield>
  <datafield tag="300" ind1=" " ind2=" ">
    <subfield code="a">xxx, 624 p. + [various pagings] :</subfield>
    <subfield code="b">ill. ;</subfield>
  </datafield>
  <datafield tag="504" ind1=" " ind2=" ">
    <subfield code="a">Includes bibliographical references and indexes.</subfield>
  </datafield>
  <datafield tag="505" ind1=" " ind2=" ">
    <subfield code="a">Contents: 1. Marketing and its environment: An overview of strategic marketing -- Strategic planning -- The marketing environment -- Social responsibility and ethics in marketing -- 2. Buyer behavior and target market selection: Marketing research and information systems -- Target markets: segmentation and evaluation -- Consumer buying behavior -- Organizational markets and buying behavior -- 3. Product decisions: Product concepts -- developing and managing products -- Branding and packaging -- service -- 4. Distribution decisions: Marketing channels and supply chain management -- Wholesaling and physical distribution -- Retailing -- 5.  Promotion decisions: Integrated marketing communications -- Advertising and public relations -- Personal selling and sales promotion -- 6. Pricing decisions: Pricing concepts -- setting prices -- 7. Implementation and electronic marketing: Marketing implementation and control -- Marketing on the internet -- E - marketing --    </subfield>
  </datafield>
  <datafield tag="700" ind1=" " ind2=" ">
    <subfield code="q">Ferrell, O. C. </subfield>
  </datafield>
  <datafield tag="942" ind1=" " ind2=" ">
    <subfield code="2">lcc</subfield>
    <subfield code="c">BK</subfield>
  </datafield>
  <datafield tag="999" ind1=" " ind2=" ">
    <subfield code="c">8180</subfield>
    <subfield code="d">15680</subfield>
  </datafield>
  <datafield tag="952" ind1=" " ind2=" ">
    <subfield code="0">0</subfield>
    <subfield code="1">0</subfield>
    <subfield code="2">lcc</subfield>
    <subfield code="4">0</subfield>
    <subfield code="7">0</subfield>
    <subfield code="a">WIUC-KL</subfield>
    <subfield code="b">WIUC-KL</subfield>
    <subfield code="c">GEN</subfield>
    <subfield code="d">2019-11-07</subfield>
    <subfield code="l">0</subfield>
    <subfield code="o">HF5415.P65</subfield>
    <subfield code="p">K/1610/1610/19</subfield>
    <subfield code="r">2021-12-02 00:00:00</subfield>
    <subfield code="w">2021-12-02</subfield>
    <subfield code="y">BK</subfield>
  </datafield>
</record>
